| 000 | 01253nam0a22003011 4500 | ||
|---|---|---|---|
| 001 | RU\INFOCOMM_322\NLR\5000259317 | ||
| 005 | 20250614080439.0 | ||
| 035 | _a(NLR Aleph) 010601917 | ||
| 090 |
_a10540117 _c10540117 |
||
| 100 | _a20130323d1985 |||y0rusy50 ca | ||
| 101 | 1 |
_afre _crus |
|
| 102 | _aRU | ||
| 105 | _ay z|||| | ||
| 200 | 1 |
_aPrincipes de l'économie politique du capitalisme _e[Trad. du russe _fCollectif d'aut.: dr. en économie, prof. M. M. Avsénev, A. K. Mansilia, E. S. Noukhovitch et al. _gRéd.-coordinateur: M. M. Avsénev] _gInst. de sciences sociales |
|
| 210 |
_aM. _cProgrès _d1985 |
||
| 215 |
_a313 с. _d22 см |
||
| 300 | _aНа обороте тит. л.: Основы политической экономии капитализма / Ин-т обществ. наук | ||
| 606 | 0 |
_aПолитическая экономия капитализма _2nlr_sh1 |
|
| 620 | _aМосква | ||
| 686 |
_aУ011.5 _2rubbk |
||
| 701 | 1 |
_9z03790 _aAvsenev _bM. M. _f1926- _gMichail Michajlovič |
|
| 712 | 0 | 2 |
_aInstitut des sciences sociales _cMoscou _4570 |
| 790 | 1 |
_9z03701 _aAvsénev _bM. M. _4070 |
|
| 801 | 1 |
_aRU _bInfocomm _c20130323 |
|
| 801 | 0 |
_aRU _bINFOCOMM _gPSBO |
|
| 852 |
_aNLR _jЭк15 Д-5/155 |
||
| 942 | _cBOOK | ||
| 980 | _aNB | ||